000
00296nam a22001337a 4500
008
170814b xxu||||| |||| 00| 0 eng d
020
_a
9780618149438
041
_a
eng
080
_a
51
100
_a
36
101
_a
MAT
245
_a
CALCULUS OF A SINGLE VARIABLE
_c
LARSON,R
942
_2
udc
_c
BK
999
_c
23314
_d
23314